000 00276nam a22001217a 4500
020 _a9789697088508
040 _cNUST
082 _a891.4393 NAS
100 _aNaseem Hijazi
_988501
245 _a Shaheen
260 _aLAHORE:
_bJahangir Book Depot,
_c2020.
942 _2ddc
_cBK
999 _c587645
_d587645